000 00308nam a22001337a 4500
020 _a0-340-56983-2
082 _a823
_bBLY/S
100 _aENID BLYTON
245 _aSECRET SEVEN ON THE TRIAL
260 _aLONDON
_bHODDER CHILDREN'S BOOK
_c1992
300 _a111
650 _aCHILDREN'S STORY BOOK
942 _cBK
999 _c119
_d119